000 00655nam a2200241Ia 4500
003 OSt
005 20220924120923.0
006 a|||||r|||| 00| 0
007 ta
008 220923b |||||||| |||| 00| 0 urd d
024 _a320000
037 _cTextual
040 _aARTS
_cARTS
_burd
041 _2urd
_aurd
082 _aO41,6NLTx, 168J2
100 _aHioshia Au.
_9183633
245 0 _aSurkh Cheen se farar
260 _aDelhi
_bSiddhartah publications India
_c1952
300 _a276p.
_ccm.
650 _aCHINESE PROSE
_9183634
942 _hO41,6NLTx, 168J2
_cTEXL
_2CC
999 _c404966
_d404966